Retratos intemporales : (Record no. 23028)
[ view plain ]
| 000 -LEADER | |
|---|---|
| campo de control de longitud fija | 01249nam a2200253 i 4500 |
| 001 - NÚMERO DE CONTROL | |
| campo de control | 23028 |
| 003 - IDENTIFICADOR DE NÚMERO DE CONTROL | |
| campo de control | ES-MaACL |
| 005 - FECHA Y HORA DE LA ÚLTIMA TRANSACCIÓN | |
| campo de control | 20251001143453.0 |
| 007 - CAMPO FIJO DE DESCRIPCIÓN FÍSICA--INFORMACIÓN GENERAL | |
| campo de control de longitud fija | t| |
| 008 - DATOS DE LONGITUD FIJA--INFORMACIÓN GENERAL | |
| campo de control de longitud fija | 021205s1973 sp ||||1| spa d |
| 020 ## - NÚMERO INTERNACIONAL ESTÁNDAR DEL LIBRO | |
| Número Internacional Estándar del Libro | 84-204-0297-4 |
| 080 ## - NÚMERO DE LA CLASIFICACIÓN DECIMAL UNIVERSAL | |
| Número de la Clasificación Decimal Universal | 929(460)"19" |
| 080 ## - NÚMERO DE LA CLASIFICACIÓN DECIMAL UNIVERSAL | |
| Número de la Clasificación Decimal Universal | 75 Moreno, Rafael |
| 100 1# - ENTRADA PRINCIPAL--NOMBRE DE PERSONA | |
| Nombre de persona | Alvarez Villamil, Isabel. |
| 9 (RLIN) | 20996 |
| 245 10 - MENCIÓN DEL TÍTULO | |
| Título | Retratos intemporales : |
| Resto del título | sobre la obra pictórica de Rafael Moreno / |
| Mención de responsabilidad, etc. | Isabel Álvarez Villamil ; [José Camón Aznar]. |
| 260 ## - PUBLICACIÓN, DISTRIBUCIÓN, ETC. | |
| Lugar de publicación, distribución, etc. | Madrid : |
| Nombre del editor, distribuidor, etc. | Alfaguara, |
| Fecha de publicación, distribución, etc. | [1973] |
| 300 ## - DESCRIPCIÓN FÍSICA | |
| Extensión | 115 p., 20 lám. col. ; |
| Dimensiones | 18 x 25 cm. |
| 505 8# - NOTA DE CONTENIDO CON FORMATO | |
| Nota de contenido con formato | Contiene: El marqués de Luca de Tena ; Ana María Matute ; Miguel Mihura ; Camilo José Cela ; José María Pemán ; Joaquín Calvo Sotelo ; Antonio ; Luis María Ansón ; Joaquín Rodrigo ; Conrado Blanco ; José María Alfaro y Polanco ; José Camón Aznar ; Antonio Buero Vallejo ; Fernando Rey ; Antonio Mingote ; Juan Antonio Vallejo-Nájera ; Jesús Iribas de Miguel ; Álvaro de Laiglesia ; Gerardo Diego ; Pilar López |
| 600 14 - PUNTO DE ACCESO ADICIONAL DE MATERIA--NOMBRE DE PERSONA | |
| Nombre de persona | Moreno, Rafael, |
| Fechas asociadas al nombre | 1945- |
| 9 (RLIN) | 174416 |
| 650 #4 - PUNTO DE ACCESO ADICIONAL DE MATERIA--TÉRMINO DE MATERIA | |
| Término de materia o nombre geográfico como elemento de entrada | Españoles- |
| Subdivisión cronológica | S.XX- |
| Subdivisión general | Biografías. |
| 9 (RLIN) | 12480 |
| 700 1# - ENTRADA AGREGADA--NOMBRE PERSONAL | |
| Nombre de persona | Camón Aznar, José, |
| Fechas asociadas al nombre | 1898-1979 |
| 9 (RLIN) | 34095 |
| 852 4# - LOCALIZACIÓN | |
| Ubicación | ES-MaACL |
| Número de control de estantería | C-54599 |
| Estatus retirado | Estado de pérdida | Estado de daño | No para préstamo | Biblioteca de origen | Biblioteca actual | Ubicación en estantería | Fecha de adquisición | Fuente de adquisición | Total de préstamos | Signatura topográfica completa | Código de barras | Visto por última vez | Precio de reemplazo | Tipo de ítem Koha |
|---|---|---|---|---|---|---|---|---|---|---|---|---|---|---|
| Biblioteca del Ateneo de Madrid | Biblioteca del Ateneo de Madrid | Depósito 2 | 17/01/2008 | C-54599 | 1023723 | 23/02/2023 | 23/02/2023 | Libro impreso |
